Văn hóa dân gian người Xá Phó ở Lào Cai

Nội dung sách giới thiệu về tết và trò chơi dân gian truyền thống, phong tục liên quan đến sinh đẻ và nuôi con, nghi lễ cưới truyền thống, tang ma, văn học dân gian và nghệ thuật tạo hình của người Xá Phó....

Disgrifiad llawn

Wedi'i Gadw mewn:
Manylion Llyfryddiaeth
Prif Awdur: Dương, Tuấn Nghĩa
Fformat: Llyfr
Iaith:Undetermined
Cyhoeddwyd: Hà Nội Hội nhà văn 2017
Pynciau:
Tagiau: Ychwanegu Tag
Dim Tagiau, Byddwch y cyntaf i dagio'r cofnod hwn!
Thư viện lưu trữ: Trung tâm Học liệu Trường Đại học Cần Thơ
LEADER 01014nam a2200205Ia 4500
001 CTU_225628
008 210402s9999 xx 000 0 und d
082 |a 398.09597 
082 |b Ngh301/T.2 
100 |a Dương, Tuấn Nghĩa 
245 0 |a Văn hóa dân gian người Xá Phó ở Lào Cai 
245 0 |c Dương Tuấn Nghĩa (chủ biên) ; Nguyễn Ngọc Thanh (tìm hiểu, giới thiệu) ... [et al.] 
260 |a Hà Nội 
260 |b Hội nhà văn 
260 |c 2017 
520 |a Nội dung sách giới thiệu về tết và trò chơi dân gian truyền thống, phong tục liên quan đến sinh đẻ và nuôi con, nghi lễ cưới truyền thống, tang ma, văn học dân gian và nghệ thuật tạo hình của người Xá Phó. 
650 |a Văn hóa dân gian,Folklore 
650 |z Việt Nam,Vietnam 
910 |b dqhieu 
980 |a Trung tâm Học liệu Trường Đại học Cần Thơ